000
00233nam a2200097Ia 4500
008
230907s9999||||xx |||||||||||||| ||und||
082
_a
620
_b
NAG
245
0
_a
Optimization of energy supply systems :
300
_a
294 p.
942
_c
BK
999
_c
598504
_d
598504